=LDR 00000nam 2200000 4500 =001 INLIS000000000010992 =005 20130612102611 =008 ***********************************Ind** =035 ##$$0010-061300000010992 =041 ##$$a Ind =082 ##$$a 664.945 =090 ##$$a 664.945 3, Sri-t =100 ##$$a Sri Puwaningsih =245 ##$$a Tegnologi pembekuan udang, Sri puwaningsih =260 ##$$a 1995 $b Jakarta =300 ##$$a vi,73 hlm. lus., 21 cm =650 ##$$a Teknik Pembekuan =650 ##$$a Udang =850 ##$$a NBPNMAT